Liderzy rankingu ATP według liczby tygodni - Statystyki

Ogólne statystyki
  • Ten quiz został rozwiązany 139 razy
  • Średni wynik to 6 z 10
Statystyki odpowiedzi
MIejsce Zawodnik Kraj Tygodnie % Poprawnych
1 Novak Djokovic Serbia 428
100%
2 Roger Federer Szwajcaria 310
99%
6 Rafael Nadal Hiszpania 209
98%
9 Andre Agassi Stany Zjednoczone 101
57%
3 Pete Sampras Stany Zjednoczone 286
48%
8 Björn Borg Szwecja 109
47%
10 Lleyton Hewitt Australia 80
38%
7 John McEnroe Stany Zjednoczone 170
31%
4 Ivan Lendl Czechy 270
30%
5 Jimmy Connors Stany Zjednoczone 268
18%
Nie znaleziono quizów pasujących do podanych kryteriów
Rozkład punktacji
Procent ludzi z każdym wynikiem
Percentyl według liczby udzielonych odpowiedzi
Twoja historia wyników
Nie rozwiązałeś tego quizu